Normal view MARC view
  • Dr. Rizwan Bulbul.

Entry Personal Name

Number of records used in: 3

001 - CONTROL NUMBER

  • control field: 29225

003 - CONTROL NUMBER IDENTIFIER

  • control field: NUST

005 - DATE AND TIME OF LATEST TRANSACTION

  • control field: 20200625115836.0

008 - FIXED-LENGTH DATA ELEMENTS

  • fixed length control field: 200625|| aca||aabn | a|a d

040 ## - CATALOGING SOURCE

  • Original cataloging agency: NUST
  • Transcribing agency: NUST

100 ## - HEADING--PERSONAL NAME

  • Personal name: Dr. Rizwan Bulbul.

670 ## - SOURCE DATA FOUND

  • Source citation: Work cat.: (NUST): Muhammad Waqas Raja. 29224, Formation of near Optimal Solution for Raster Region having Max / Min Cell Value /, 2013.
© 2023 Central Library, National University of Sciences and Technology. All Rights Reserved.